Every EToH Tower by Acronym - Statistics

General Stats
  • This quiz has been taken 43 times
    19 since last reset
  • The average score is 116 of 421
Answer Stats
Acronym Answer % Correct
ToA Tower of Anger
100%
ToN Tower of Niflheim
79%
ToCR Tower of Champion's Road
57%
ToEMP Tower of Empty Meaningless Patterns
57%
ToK Tower of Killjoys
57%
ToOH Tower of Overcoming Hatred
57%
SoLW Steeple of Low Woe
50%
ToAR Tower of Alien Radiance
50%
ToC Tower of Confusion
50%
ToDD Tower of Deep Darkness
50%
ToE Tower of Elysium
50%
ToES Tower of Eternal Suffering
50%
ToFaF Tower of Falling and Failing
50%
ToFN Tower of Frightening Nightmares
50%
ToH Tower of Hecc
50%
ToHH Tower of Hopeless Hell
50%
ToIE Tower of Impossible Expectations
50%
ToP Tower of Peace
50%
ToTF Tower of Table Flipping
50%
ToUH Tower of Unsettling Heights
50%
CoGS Citadel of Green Stuff
43%
CoLS Citadel of Laptop Splitting
43%
CoP Citadel of Peril
43%
CoPE Citadel of Pyramid Escapades
43%
CoSR Citadel of Scythe Recognition
43%
CoU Citadel of Uneasiness
43%
NEAT Not Even A Tower
43%
SoP Steeple of Pursuit
43%
TT Thanos Tower
43%
TAT Totally A Tower
43%
ToAE Tower of Astral Eclipse
43%
ToAF Tower of Astral Fusion
43%
ToAAA Tower of Astronomically Aimless Annoyances
43%
ToBH Tower of Big Hole
43%
ToB Tower of Buttons
43%
ToCH Tower of Cold Hands
43%
ToCaUP Tower of Cruel and Unusual Punishment
43%
ToDAN Tower of Dancing All Night
43%
ToDIE Tower of Descent Into Exile
43%
ToD Tower of Despair
43%
ToDC Tower of Difficulty Chart
43%
ToER Tower of Elongated Runs
43%
ToEH Tower of Extreme Hell
43%
ToGF Tower of Generation Failure
43%
ToG Tower of Genesis
43%
ToGaH Tower of Glitching and Healing
43%
ToIM Tower of Impossible Movement
43%
ToI Tower of Inception
43%
ToKY Tower of Keyboard Yeeting
43%
ToKTS Tower of Keys To Success
43%
ToLOZ Tower of Losing Our Zeal
43%
ToM Tower of Madness
43%
ToMIT Tower of Melons In Time
43%
ToMB Tower of Mind Breaking
43%
ToNV Tower of Nice Views
43%
ToR Tower of Rage
43%
ToSaS Tower of Slipping and Sliding
43%
ToSM Tower of Strategic Mechanics
43%
ToS Tower of Stress
43%
ToTINT Tower of There Is No Tower
43%
ToTUTU Tower of The Umbrella, The User
43%
ToT Tower of Traps
43%
ToTT Tower of Triangular Terror
43%
ToW Tower of Watts
43%
ToWWW Tower of Wildly Wacky Wonders
43%
ToWER Tower of Winning Every Run
43%
ToX Tower of Xanthophobia
43%
ToY Tower of Yore
43%
ToYLFW Tower of You're Late For Work
43%
CoACT Citadel of A Cruel Tale
36%
CoCHS Citadel of Constant Heart Stopping
36%
CoHaD Citadel of Heights and Depths
36%
CoOTWI Citadel of Overcoming The World's Imperfections
36%
CoQ Citadel of Quadrilaterals
36%
CoTS Citadel of Tricky Situations
36%
CoTE Citadel of True Exasperation
36%
CoV Citadel of Victory
36%
CoWS Citadel of Wacky Strategy
36%
CoWN Citadel of Weird Nostalgia
36%
MAT Maybe A Tower
36%
NEAF Not Even A Flower
36%
SoBA Steeple of Buoyant Automations
36%
SoGC Steeple of Golf Course
36%
SoMB Steeple of Malignant Blight
36%
SoN Steeple of Nightfall
36%
SoO Steeple of Overgrowth
36%
SoTP Steeple of Towering Pillars
36%
SoWG Steeple of Wicked Grotto
36%
SoZZP Steeple of Zip Zap Pop!
36%
ToAT Tower of Ancient Trickery
36%
ToAST Tower of A Simple Time
36%
ToAD Tower of Atlantic Depths
36%
ToAM Tower of Augmented Misery
36%
ToBP Tower of Blast Power
36%
ToBB Tower of Broken Bricks
36%
ToBaBT Tower of Brutal and Bizarre Torment
36%
ToCIAD Tower of Call It A Day
36%
ToCBTS Tower of Calm Before The Storm
36%
ToCaV Tower of Complexity and Volatility
36%
ToCN Tower of Corrupted Nightmares
36%
ToCP Tower of Cruel Punishment
36%
ToDS Tower of Deep Sighing
36%
ToDT Tower of Double Trouble
36%
ToDaD Tower of Dust and Decay
36%
ToED Tower of Extreme Dystopia
36%
ToEC Tower of Eye Candy
36%
ToF Tower of Fatness
36%
ToFF Tower of Floral Fury
36%
ToFSF Tower of Forever-Sleeping Flower
36%
ToFJ Tower of Friendly Jumps
36%
ToFaCT Tower of Frightening and Confusing Trials
36%
ToGG Tower of Getting Gnomed
36%
ToGO Tower of Great Overcomings
36%
ToHA Tower of High Adrenaline
36%
ToIA Tower of Icy Adventures
36%
ToIF Tower of Inevitable Failure
36%
ToIC Tower of Inverted Colours
36%
ToJ Tower of Jazz
36%
ToJGF Tower of Jolly Good Fun
36%
ToJE Tower of Journey's End
36%
ToLL Tower of Leaning Ledges
36%
ToLD Tower of Lotsa Damage
36%
ToMO Tower of Massive Overheating
36%
ToMM Tower of Micro Management
36%
ToME Tower of Motion Evolution
36%
ToNoS Tower of Nerves of Steel
36%
ToNS Tower of Nervous Sweating
36%
ToNGUE Tower of Never Giving Up, Ever
36%
ToNI Tower of Noticeable Infuriation
36%
ToO Tower of Oblivion
36%
ToOC Tower of Obvious Chaos
36%
ToON Tower of One Nine
36%
ToOTTF Tower of One Two Three Four
36%
ToPA Tower of Perilous Antipode
36%
ToPZ Tower of Polychromatic Zero
36%
ToPI Tower of Prismatic Instability
36%
ToQT Tower of Questionable Trials
36%
ToRT Tower of Raging Tempest
36%
ToRoMW Tower of Rain on My World
36%
ToRNI Tower of Really Nasty Ideas
36%
ToRER Tower of Rough Endoplasmic Reticulum
36%
ToSP Tower of Screen Punching
36%
ToSFU Tower of Six Feet Under
36%
ToSI Tower of Slight Inconvenience
36%
ToSO Tower of Suffering Outside
36%
ToTEM Tower of Tallying Every Mistake
36%
ToTB Tower of Terrifying Beauty
36%
ToTL Tower of Thinning Layers
36%
ToTH Tower of Tokyo Heights
36%
ToTTT Tower of Traversing The Tropics
36%
ToTC Tower of Triangular Covering
36%
ToTJ Tower of Triple Jeopardy
36%
ToTS Tower of True Skill
36%
ToV Tower of Versatility
36%
ToVS Tower of Vivid Sections
36%
ToWW Tower of Wicked Wedges
36%
ToYS Tower of Yearning Success
36%
ToYV Tower of Yearning Victory
36%
ToZA Tower of Zany Architecture
36%
ToZ Tower of Zespluz
36%
CoCR Citadel of Contrasting Regions
29%
CoIC Citadel of Increasing Claustrophobia
29%
CoL Citadel of Lethargy
29%
CoT Citadel of Treachery
29%
CoTaW Citadel of Twists and Weirdness
29%
FNAT Fortunately Not A Tower
29%
LAT Likely A Tower
29%
PAT Possibly A Tower
29%
SAT Somewhat A Tower
29%
SoBCM Steeple of Bad Cable Management
29%
SoBJ Steeple of Beginner's Journey
29%
SoC Steeple of Climbing
29%
SoCA Steeple of Crystal Ascension
29%
SoD Steeple of Descendance
29%
SoDS Steeple of Devil's Snare
29%
SoLIQ Steeple of Lost In Quiescence
29%
SoMC Steeple of Magical Collaborations
29%
SoMD Steeple of Meaningless Decisions
29%
SoSK Steeple of Sunken Kingdoms
29%
SoSIS Steeple of Sunny Island Shenanigans
29%
SoTMN Steeple of Two Minute Noodles
29%
SoUR Steeple of Uninstalling Roblox
29%
SoVV Steeple of Various Vivariums
29%
SoWP Steeple of Wall Punching
29%
SoWC Steeple of Witch Calamity
29%
SoXA Steeple of Xenial Abyss
29%
TIPAT This Is Probably A Tower
29%
TNF Tower Not Found
29%
ToAA Tower of Aamos' Anger
29%
ToAI Tower of Ancestral Interference
29%
ToBT Tower of Bent Trauma
29%
ToBBBB Tower of Big Blocky Beefy Buttons
29%
ToBK Tower of Bloodthirsty Kenos
29%
ToBIBI Tower of Break It, Buy It
29%
ToCOF Tower of Client Object Frenzy
29%
ToCB Tower of Climactic Beats
29%
ToCMC Tower of Cone Mesh Climbing
29%
ToCWC Tower of Corner Wedge Climbing
29%
ToCT Tower of Cosmic Tides
29%
ToCA Tower of Curved Ascent
29%
ToDDD Tower of Dance Dance Destruction
29%
ToDR Tower of Dispersed Rooms
29%
ToEI Tower of Externalizing Insanity
29%
ToFM Tower of Fractured Memories
29%
ToFaST Tower of Fun and Simple Trials
29%
ToFG Tower of Funky Grooves
29%
ToFCB Tower of Furious Chicken Brawl
29%
ToGK Tower of Geometric Kinetics
29%
ToGM Tower of Growing Madness
29%
ToHK Tower of Heiwana Kaze
29%
ToHR Tower of Hollow Reformations
29%
ToIB Tower of Icy Blizzards
29%
ToII Tower of Immense Ire
29%
ToIS Tower of Increasing Stress
29%
ToIO Tower of Infuriating Obstacles
29%
ToIII Tower of Insanely Innovative Ideas
29%
ToKP Tower of Kinetic Potential
29%
ToL Tower of Linonophobia
29%
ToMT Tower of Mean Tasks
29%
ToMA Tower of Mild Agitation
29%
ToMF Tower of Minus Facility
29%
ToNED Tower of Never Ending Dizziness
29%
ToNEF Tower of Never Ending Fun
29%
ToNP Tower of Nonsensical Platforms
29%
ToNR Tower of No Return
29%
ToNSA Tower of No Strings Attached
29%
ToNN Tower of Nothing New
29%
ToOOO Tower of Orientating Oscillating Opinions
29%
ToPP Tower of Pastel Pillars
29%
ToPHaT Tower of Peaceful Happiness and Tranquility
29%
ToPS Tower of Phone Snapping
29%
ToRC Tower of Rock Climbing
29%
ToSD Tower of Shattered Dreams
29%
ToSRT Tower of Speeding Right Through
29%
ToSH Tower of Spiralling Heights
29%
ToSaPS Tower of Swift and Precise Sections
29%
ToTHT Tower of Tee Hee Time
29%
ToTDF Tower of The Despondent Fortress
29%
ToTDA Tower of The Dripping Amalgam
29%
ToTaSM Tower of Time and Space Manipulation
29%
ToTV Tower of Tornado Vehemence
29%
ToUT Tower of Ultimately Terrifying
29%
ToU Tower of Ultraviolet
29%
ToUID Tower of Up Is Down
29%
ToVE Tower of Verdant Entropy
29%
ToVITE Tower of Voyaging Into The Earth
29%
ToWF Tower of Wicked Fortress
29%
ToWaW Tower of Witchcraft and Wizardry
29%
ToZD Tower of Zero Disturbances
29%
WBAT Will Be A Tower
29%
CoCE Citadel of Corporate Enterprise
21%
CoIS Citadel of Inside Situations
21%
FFAST Far From A Surprising Tower
21%
SoAR Steeple of Aquatic Rallies
21%
SoCF Steeple of Cliffside Falls
21%
SoFF Steeple of Feudal Foliage
21%
SoGP Steeple of Greenhouse Placidity
21%
SoGL Steeple of Guiding Lights
21%
SoHP Steeple of Huge Pain
21%
SoMA Steeple of Midnight Acropolis
21%
SoOA Steeple of Overgrown Ascension
21%
SoRIS Steeple of Resort In Stasis
21%
SoW Steeple of Waterfall
21%
ToAV Tower of Absolute Vexation
21%
ToADF Tower of A Depressing Future
21%
ToAS Tower of Angled Scenery
21%
ToAO Tower of Anticlimactic Outcomes
21%
ToABCD Tower of Arrantly Bodeful Cavern Depths
21%
ToBBB Tower of Beat Block Berserk
21%
ToBM Tower of Boost Mayhem
21%
ToCM Tower of Chaotic Moments
21%
ToCO Tower of Contractual Obligations
21%
ToDE Tower of Dangerous Expeditions
21%
ToDA Tower of Distorted Aerodynamics
21%
ToDL Tower of Diverging Layers
21%
ToET Tower of Elevator Travelling
21%
ToEP Tower of Environmental Pain
21%
ToETU Tower of Expecting The Unexpected
21%
ToEA Tower of Extraordinary Adventures
21%
ToFU Tower of Falling Up
21%
ToFL Tower of Feeling Lazy
21%
ToFFEE Tower of Fleeing From Everything Ending
21%
ToFS Tower of Flustering Sections
21%
ToFO Tower of Fractured Obstacles
21%
ToFZ Tower of Fruity Zeal
21%
ToFT Tower of Funny Thoughts
21%
ToGD Tower of Great Displeasure
21%
ToGT Tower of Guided Trials
21%
ToHS Tower of Hands Sweating
21%
ToHE Tower of Horrifying Experiences
21%
ToHWH Tower of House Without Home
21%
ToMIM Tower of Mechanically Induced Mayhem
21%
ToMC Tower of Menacing Creations
21%
ToMH Tower of Mirrored Hecc
21%
ToOD Tower of Overestimating Difficulty
21%
ToPB Tower of Panelling Barricades
21%
ToPC Tower of Pure Chroma
21%
ToQR Tower of Quantum Rhythm
21%
ToQC Tower of Quirky Contraptions
21%
ToRR Tower of Radiant Realms
21%
ToRCH Tower of Requiring Critical Help
21%
ToRS Tower of Rigid Success
21%
ToSS Tower of Shifting Slopes
21%
ToSA Tower of Slanted Anticipation
21%
ToSSS Tower of Somewhat Simple Scaling
21%
ToST Tower of Sovereign Traveling
21%
ToSTS Tower of Stairs To Spare
21%
ToSSSS Tower of Super Stupid Security Systems
21%
ToTD Tower of Tenebrous Depths
21%
ToTA Tower of Troublesome Adventures
21%
ToTI Tower of Twisted Inquisition
21%
ToUA Tower of Uncanny Agony
21%
ToUI Tower of Uncontrollable Ire
21%
ToUD Tower of Unearthed Discoveries
21%
ToVV Tower of Valiant Verges
21%
ToVP Tower of Various Pressures
21%
ToWH Tower of Wall Hugging
21%
ToWEL Tower of Wanting Extra Levels
21%
ToWE Tower of Weird Energy
21%
ToWoW Tower of Whirl of Winds
21%
ToWIA Tower of Whisking It All
21%
ToXM Tower of X Madness
21%
SoALD Steeple of After-Life Detention
14%
SoAS Steeple of Astounding Sorcery
14%
SoCV Steeple of Cheesy Vengeance
14%
SoDD Steeple of Dusty Dunes
14%
SoFW Steeple of Flourishing Wastelands
14%
SoIF Steeple of Infectious Foliage
14%
SoRA Steeple of Ruinous Abate
14%
SoTMM Steeple of The Manufactured Monstrosity
14%
SoUB Steeple of Underlying Breezes
14%
SoUV Steeple of Undersea Voyage
14%
ToAC Tower of Aquatic Contemplation
14%
ToAZ Tower of Arcanium Zenturing
14%
ToBC Tower of Brief Challenges
14%
ToBS Tower of Bright Serenity
14%
ToBR Tower of Bygone Relic
14%
ToCZ Tower of Clandestine Zones
14%
ToCaS Tower of Cogs and Steam
14%
ToCCC Tower of Cracked, Crushed Cubes
14%
ToCD Tower of Critical Damage
14%
ToCI Tower of Cyclonic Isles
14%
ToDTD Tower of Dusk To Dawn
14%
ToEW Tower of Excessive Weirdness
14%
ToEE Tower of Extraterrestrial Enchantment
14%
ToFSC Tower of Fairly Simple Challenges
14%
ToFP Tower of Fixture Park
14%
ToFH Tower of Fly High
14%
ToFD Tower of Foreign Domains
14%
ToFV Tower of Fractal Volution
14%
ToGLA Tower of Ground Level Ascension
14%
ToHL Tower of Hazardous Laddering
14%
ToHF Tower of Holy Flip
14%
ToISC Tower of Intense Solar Chaos
14%
ToIT Tower of Interstellar Terrarium
14%
ToLLL Tower of Largely Limited Luminance
14%
ToLR Tower of Lethean Recollection
14%
ToMN Tower of Mach Nine
14%
ToML Tower of Manic Lows
14%
ToMD Tower of Mechanical Disarray
14%
ToNBA Tower of Needing Basic Aptitude
14%
ToOO Tower of Odd Odyssey
14%
ToOV Tower of Overbearing Vertigo
14%
ToPL Tower of Power Laws
14%
ToPLA Tower of Pursuit Led Astray
14%
ToRH Tower of Rhythm Heaven
14%
ToRW Tower of Rough Waters
14%
ToRB Tower of Rushed Building
14%
ToSW Tower of Shallow Waters
14%
ToSRD Tower of Sugar Rush Deluxe
14%
ToSL Tower of Sunshower Lambent
14%
ToTFC Tower of Ten Floors Challenge
14%
ToTM Tower of Terrible Mondays
14%
ToTST Tower of Two Sided Troubles
14%
ToUS Tower of Uneasy Scaling
14%
ToUE Tower of Unhealthy Escalation
14%
ToVA Tower of Vibrant Adventures
14%
ToVF Tower of Voluminous Framework
14%
ToWMT Tower of Wanting More Time
14%
SoAP Steeple of Atmospheric Powers
7%
SoBC Steeple of Balloon Commune
7%
SoBT Steeple of Biome Traversing
7%
SoDI Steeple of Desolate Isles
7%
SoDR Steeple of Dungeon Runner
7%
SoFB Steeple of Forlorn Blizzard
7%
SoII Steeple of Involuntary Isolation
7%
SoIB Steeple of Itsy Bitsy
7%
SoME Steeple of Magical Elements
7%
SoMM Steeple of Mystical Marine
7%
SoRO Steeple of Realm Odyssey
7%
SoTC Steeple of Twisted Crystals
7%
SoUC Steeple of Upright Cliffs
7%
ToADE Tower of A Disillusioned Existence
7%
ToATD Tower of A Tetromino Disaster
7%
ToBL Tower of Bonus Level
7%
ToCC Tower of Collective Collaboration
7%
ToCS Tower of Compact Spaces
7%
ToCF Tower of Conflicting Frontiers
7%
ToCE Tower of Cylindrical Extensions
7%
ToDH Tower of Dimensional Hopping
7%
ToDM Tower of Downward Mobility
7%
ToDaC Tower of Dreams and Caverns
7%
ToHM Tower of Hefty Magnitude
7%
ToHP Tower of High Power
7%
ToLS Tower of Latest Sensation
7%
ToPF Tower of Pleasant Fantasies
7%
ToRL Tower of Resonant Landscapes
7%
ToSaT Tower of Steel and Thunder
7%
ToSV Tower of Sweet Victory
7%
ToTR Tower of Trivial Resentment
7%
ToVR Tower of Venomous Resonance
7%
ToWR Tower of Warranted Retribution
7%
SoAU Steeple of Abyssal Upturn
0%
SoHS Steeple of Hallucinatory Spectacles
0%
ToDF Tower of Destructive Fever
0%
ToFR Tower of Flame Restoration
0%
ToGV Tower of Galactic Voyage
0%
ToIR Tower of Infiltrated Ruins
0%
ToSR Tower of Shadowy Radiance
0%
ToVT Tower of Viaduct Traversing
0%
ToWS Tower of White Space
0%
No matching quizzes found
Score Distribution
Percent of People with Each Score
Percentile by Number Answered
Your Score History
You have not taken this quiz since the last reset